[Event "FIDE WRBTC Blitz-Pool 2024"]
[Site "Astana"]
[Date "2024.08.05"]
[Round "2.22"]
[White "Ivlev, Andrey"]
[Black "Pranav, V."]
[Result "0-1"]
[WhiteElo "1578"]
[BlackElo "2598"]
[Annotator "ChessBase"]
[PlyCount "72"]
[EventDate "2024.08.01"]
[EventType "team-tourn"]
[EventCountry "KAZ"]
[SourceTitle "playchess.com"]
[Source "ChessBase"]
[SourceQuality "1"]

1. e4 e5 2. Nf3 Nc6 3. Bb5 a6 4. Ba4 Nge7 5. O-O Ng6 6. c3 d5 7. exd5 Qxd5 8. d4 Bg4 9. dxe5 Bxf3 10. Qxf3 Qxf3 11. gxf3 Ngxe5 12. f4 Nd3 13. Rd1 O-O-O 14. Bc2 Nxc1 15. Rxc1 Bd6 16. f5 Rhe8 17. Bb3 Re7 18. a4 Bc5 19. Na3 Rd2 20. Rf1 Rxb2 21. Bc2 Bxa3 22. Rxa3 Rxc2 23. Rb3 Ne5 24. h4 Nf3+ 25. Kg2 Nxh4+ 26. Kg3 Nxf5+ 27. Kg4 g6 28. Kf3 Rd2 29. Kg2 Ne3+ 30. Kg1 Nxf1 31. Kxf1 Ree2 32. Rxb7 Rxf2+ 33. Kg1 Kxb7 34. a5 Ra2 35. c4 Rfb2 36. Kf1 Rb1# 0-1

[Event "FIDE WRBTC Blitz-Pool 2024"]
[Site "Astana"]
[Date "2024.08.05"]
[Round "2.23"]
[White "Dronavalli, Harika"]
[Black "Sembay, Aisana"]
[Result "1-0"]
[WhiteElo "2502"]
[BlackElo "1527"]
[Annotator "ChessBase"]
[PlyCount "63"]
[EventDate "2024.08.01"]
[EventType "team-tourn"]
[EventCountry "KAZ"]
[SourceTitle "playchess.com"]
[Source "ChessBase"]
[SourceQuality "1"]

1. Nf3 Nf6 2. c4 e6 3. g3 d5 4. Bg2 c6 5. Qc2 Be7 6. O-O O-O 7. d4 Nbd7 8. Nbd2 h6 9. b3 Re8 10. Bb2 Qb6 11. Rad1 Nf8 12. e4 dxe4 13. Nxe4 Nxe4 14. Qxe4 Nd7 15. Rfe1 Nf6 16. Qc2 Bd7 17. Ne5 Rad8 18. Re2 Bc8 19. Bc3 Nd7 20. Nd3 Nf6 21. h3 Rd7 22. Ne5 Rdd8 23. Red2 Nd7 24. Nd3 Nf6 25. a4 c5 26. dxc5 Bxc5 27. Nxc5 Rxd2 28. Qxd2 Qxc5 29. Bxf6 gxf6 30. Qxh6 Qf5 31. Rd4 e5 32. Rg4+ 1-0

[Event "FIDE WRBTC Blitz-Pool 2024"]
[Site "Astana"]
[Date "2024.08.05"]
[Round "2.23"]
[White "Khotenashvili, Bella"]
[Black "Nauanova Zhaniya"]
[Result "1-0"]
[WhiteElo "2427"]
[BlackElo "1835"]
[Annotator "ChessBase"]
[PlyCount "76"]
[EventDate "2024.08.01"]
[EventType "team-tourn"]
[EventCountry "KAZ"]
[SourceTitle "playchess.com"]
[Source "ChessBase"]
[SourceQuality "1"]

1. Nf3 Nf6 2. g3 g6 3. Bg2 Bg7 4. O-O O-O 5. d4 d6 6. a4 Nc6 7. a5 a6 8. Nc3 e5 9. d5 Ne7 10. e4 c6 11. dxc6 Nxc6 12. Bg5 Be6 13. Qc1 Nxa5 14. Rd1 Qc7 15. Bxf6 Bxf6 16. Nd5 Bxd5 17. Rxd5 Nc6 18. c3 Rac8 19. Qd2 Rfd8 20. Rd1 Na5 21. Bf1 Be7 22. h4 Nb3 23. Qe2 h5 24. Bh3 Rb8 25. Ng5 Nc5 26. Qf3 Bxg5 27. hxg5 Qe7 28. Qe3 Ne6 29. f4 exf4 30. gxf4 Nc5 31. Bg2 Rbc8 32. e5 Nb3 33. Rxd6 Rxd6 34. Rxd6 Na5 35. Qd4 Nb3 36. Qd5 Nc5 37. Rxg6+ Kf8 38. Rd6 Rc7 1-0

[Event "FIDE WRBTC Blitz-Pool 2024"]
[Site "Astana"]
[Date "2024.08.05"]
[Round "2.23"]
[White "Tregubenko, Nikolay"]
[Black "Adilbekuly, Altair"]
[Result "1-0"]
[WhiteElo "2023"]
[BlackElo "1694"]
[Annotator "ChessBase"]
[PlyCount "67"]
[EventDate "2024.08.01"]
[EventType "team-tourn"]
[EventCountry "KAZ"]
[SourceTitle "playchess.com"]
[Source "ChessBase"]
[SourceQuality "1"]

1. e4 c5 2. Nf3 d6 3. d4 cxd4 4. Nxd4 Nf6 5. Nc3 a6 6. Bg5 e6 7. f4 Be7 8. Qf3 Qc7 9. O-O-O Nc6 10. Nb3 b5 11. Bd3 b4 12. Ne2 Bb7 13. g4 a5 14. Kb1 a4 15. Nbd4 O-O 16. Nb5 Qb8 17. h4 Ba6 18. Nbd4 Nxd4 19. Nxd4 Bb7 20. h5 h6 21. Bh4 b3 22. cxb3 axb3 23. a3 Qa7 24. Nb5 Qb6 25. g5 hxg5 26. Bxg5 Ba6 27. Nc3 Rac8 28. h6 g6 29. e5 Bb7 30. Qe2 dxe5 31. fxe5 Nd5 32. Nxd5 Bxd5 33. Bxe7 Rfe8 34. h7+ 1-0

[Event "FIDE WRBTC Blitz-Pool 2024"]
[Site "Astana"]
[Date "2024.08.05"]
[Round "2.24"]
[White "Karepov, Ilya"]
[Black "Tanikin, Isabek"]
[Result "0-1"]
[WhiteElo "1719"]
[BlackElo "1952"]
[Annotator "ChessBase"]
[PlyCount "70"]
[EventDate "2024.08.01"]
[EventType "team-tourn"]
[EventCountry "KAZ"]
[SourceTitle "playchess.com"]
[Source "ChessBase"]
[SourceQuality "1"]

1. d4 Nf6 2. Bf4 g6 3. Nc3 Bg7 4. e4 d6 5. Bd3 Nbd7 6. Qd2 e5 7. dxe5 dxe5 8. Bh6 O-O 9. O-O-O Nc5 10. Bxg7 Kxg7 11. f3 Nxd3+ 12. Qxd3 Qxd3 13. Rxd3 Be6 14. Nge2 Rfd8 15. Rhd1 Rxd3 16. Rxd3 c6 17. b3 Kf8 18. Na4 b6 19. Nac3 Ke7 20. Kd2 Ne8 21. Ke3 Nd6 22. a4 a5 23. h3 h5 24. Ng3 b5 25. axb5 cxb5 26. Nd5+ Bxd5 27. Rxd5 Ke6 28. Ne2 a4 29. Nc3 a3 30. Na2 b4 31. Kd3 g5 32. c3 bxc3 33. Kxc3 f5 34. Kd3 Rb8 35. b4 Rc8 0-1

[Event "FIDE WRBTC Blitz-Pool 2024"]
[Site "Astana"]
[Date "2024.08.05"]
[Round "2.24"]
[White "Zhumagali, Raian"]
[Black "Berikkyzy Alanna"]
[Result "0-1"]
[WhiteElo "1632"]
[BlackElo "1869"]
[Annotator "NA"]
[PlyCount "104"]
[EventDate "2024.08.01"]
[EventType "team-tourn"]
[EventCountry "KAZ"]
[SourceTitle "playchess.com"]
[Source "ChessBase"]
[SourceQuality "1"]

1. e4 c5 2. Nf3 Nc6 3. d4 cxd4 4. Nxd4 Nf6 5. Nc3 d6 6. Nxc6 bxc6 7. Bc4 e5 8. h3 Be7 9. O-O O-O 10. Be3 h6 11. Qd2 Bb7 12. Rad1 Qc7 13. Qe2 Rad8 14. Ba6 d5 15. exd5 cxd5 16. Bxb7 Qxb7 17. Bc1 d4 18. Na4 e4 19. b3 Rd5 20. Bf4 Rfd8 21. Nb2 Bb4 22. Bd2 Bxd2 23. Rxd2 Qc6 24. Nc4 Qa6 25. a4 Qe6 26. Kh2 Nh5 27. Qg4 Qxg4 28. hxg4 Nf4 29. Kg3 g5 30. Re1 Re8 31. Rdd1 h5 32. gxh5 Nxh5+ 33. Kh2 f5 34. Kg1 Red8 35. Nb2 Nf6 36. Kf1 f4 37. Re2 Kf7 38. Nc4 g4 39. Nd2 e3 40. fxe3 dxe3 41. Ke1 exd2+ 42. Rexd2 Rxd2 43. Rxd2 Rxd2 44. Kxd2 Ke6 45. Kd3 Kd5 46. c4+ Kc5 47. Kc3 Ne4+ 48. Kd3 Nf2+ 49. Kc3 g3 50. b4+ Kc6 51. Kd2 f3 52. Ke1 fxg2 0-1

[Event "FIDE WRBTC Blitz-Pool 2024"]
[Site "Astana"]
[Date "2024.08.05"]
[Round "2.24"]
[White "Seitmukhamet, Alimgali"]
[Black "Shah Mihir"]
[Result "0-1"]
[WhiteElo "1507"]
[BlackElo "1801"]
[Annotator "NA"]
[PlyCount "60"]
[EventDate "2024.08.01"]
[EventType "team-tourn"]
[EventCountry "KAZ"]
[SourceTitle "playchess.com"]
[Source "ChessBase"]
[SourceQuality "1"]

1. e4 c6 2. d4 d5 3. e5 c5 4. c3 Nc6 5. Be3 cxd4 6. cxd4 Bf5 7. Nf3 e6 8. Bb5 Nge7 9. h3 Bxb1 10. Rxb1 Qa5+ 11. b4 Qxb5 12. a4 Qb6 13. a5 Qd8 14. b5 Nxa5 15. O-O Nf5 16. Bg5 Be7 17. Bxe7 Qxe7 18. Qd2 Nc4 19. Qd1 O-O 20. Nd2 Nxd2 21. Qxd2 Rfc8 22. Rfc1 h6 23. Kh1 Qd7 24. Qe2 Nxd4 25. Qd3 Rxc1+ 26. Rxc1 Nxb5 27. Rb1 a6 28. Qd2 d4 29. Qd3 Rc8 30. Qd2 d3 0-1

[Event "FIDE WRBTC Blitz-Pool 2024"]
[Site "Astana"]
[Date "2024.08.05"]
[Round "2.25"]
[White "Bilguun, Sumiya"]
[Black "Grischuk, Alexander"]
[Result "0-1"]
[WhiteElo "2470"]
[BlackElo "2708"]
[Annotator "ChessBase"]
[PlyCount "46"]
[EventDate "2024.08.01"]
[EventType "team-tourn"]
[EventCountry "KAZ"]
[SourceTitle "playchess.com"]
[Source "ChessBase"]
[SourceQuality "1"]

1. e4 e5 2. Nf3 Nc6 3. d4 exd4 4. Nxd4 Qf6 5. Nb3 Qg6 6. f3 Bd6 7. Nc3 Nge7 8. g3 O-O 9. Be3 Bb4 10. Qd2 d5 11. exd5 Rd8 12. Bd3 Ne5 13. O-O-O Nxd3+ 14. Qxd3 Bf5 15. Ne4 Nxd5 16. Bc5 Qh6+ 17. f4 Re8 18. Rhe1 Bxe1 19. Rxe1 Rxe4 20. Rxe4 Nf6 21. Nd2 Nxe4 22. Nxe4 Qc6 23. Bd4 Qxe4 0-1

[Event "FIDE WRBTC Blitz-Pool 2024"]
[Site "Astana"]
[Date "2024.08.05"]
[Round "2.25"]
[White "Zhuravlev, Viktor"]
[Black "Ding, Liren"]
[Result "0-1"]
[WhiteElo "1998"]
[BlackElo "2745"]
[Annotator "TA"]
[PlyCount "69"]
[EventDate "2024.08.01"]
[EventType "team-tourn"]
[EventCountry "KAZ"]
[SourceTitle "playchess.com"]
[Source "ChessBase"]
[SourceQuality "1"]

1. d4 Nf6 2. Nf3 e6 3. e3 c5 4. Bd3 d5 5. b3 Nbd7 6. Nbd2 b6 7. O-O Bb7 8. Ne5 Bd6 9. f4 O-O 10. Bb2 Rc8 11. Qe2 Rc7 12. c3 Qe7 13. Rae1 Rd8 14. Rf3 Ne4 15. Rh3 Ndf6 16. Nf1 Rdc8 17. g4 Nd7 18. g5 Nf8 19. Ng3 cxd4 20. cxd4 Bxe5 21. dxe5 g6 22. Nh1 Qb4 23. Nf2 Nxf2 24. Qxf2 d4 25. Bxd4 Rc1 26. Rf1 Rxf1+ 27. Bxf1 Rc1 28. Qe2 Qa5 29. Kf2 Qd5 30. Rg3 Qe4 31. Bg2 Qb1 32. Bxb7 Rc2 33. Ba6 Qxa2 34. Bd3 Rxe2+ 35. Bxe2 0-1

[Event "FIDE WRBTC Blitz-Pool 2024"]
[Site "Astana"]
[Date "2024.08.05"]
[Round "2.26"]
[White "Svidler, Peter"]
[Black "Chinguun, Sumiya"]
[Result "1-0"]
[WhiteElo "2698"]
[BlackElo "2389"]
[Annotator "ChessBase"]
[PlyCount "73"]
[EventDate "2024.08.01"]
[EventType "team-tourn"]
[EventCountry "KAZ"]
[SourceTitle "playchess.com"]
[Source "ChessBase"]
[SourceQuality "1"]

1. e4 c5 2. Nf3 d6 3. Bb5+ Bd7 4. c4 g6 5. Nc3 Bg7 6. d4 cxd4 7. Nxd4 Nf6 8. O-O O-O 9. h3 Bxb5 10. cxb5 Nbd7 11. Qe2 Nc5 12. Rd1 Nfd7 13. Be3 Rc8 14. Rac1 Ne6 15. Nxe6 fxe6 16. Qg4 Rf6 17. Bd4 h5 18. Qg3 e5 19. Bxa7 b6 20. Nd5 Ra8 21. Rc7 Kf7 22. Rdc1 Nc5 23. Rxe7+ Qxe7 24. Nxe7 Nxe4 25. Qb3+ Kxe7 26. Rc7+ Kf8 27. Bxb6 Ng5 28. Qd5 Rb8 29. Ba7 Re8 30. b6 Ne6 31. Qxd6+ Kg8 32. Qd7 Rd8 33. Rc8 Rxc8 34. Qxc8+ Kh7 35. b7 Nf4 36. b8=Q Ne2+ 37. Kh1 1-0

[Event "FIDE WRBTC Blitz-Pool 2024"]
[Site "Astana"]
[Date "2024.08.05"]
[Round "2.27"]
[White "Agibileg, Uurtsaikh"]
[Black "Mamedyarov, Shakhriyar"]
[Result "0-1"]
[WhiteElo "2411"]
[BlackElo "2733"]
[Annotator "TA"]
[PlyCount "100"]
[EventDate "2024.08.01"]
[EventType "team-tourn"]
[EventCountry "KAZ"]
[SourceTitle "playchess.com"]
[Source "ChessBase"]
[SourceQuality "1"]

1. d4 Nf6 2. c4 g6 3. Nc3 d5 4. cxd5 Nxd5 5. e4 Nxc3 6. bxc3 Bg7 7. Bc4 c5 8. Ne2 Nc6 9. Be3 O-O 10. O-O Na5 11. Bd3 b6 12. Rc1 e6 13. Qd2 Bb7 14. h4 Rc8 15. h5 Qe7 16. h6 Bh8 17. e5 f6 18. f4 Rfd8 19. Rfd1 f5 20. Qe1 c4 21. Bc2 b5 22. Rb1 a6 23. Bf2 Qf8 24. Bh4 Qxh6 25. Bxd8 Rxd8 26. a4 Bc6 27. axb5 axb5 28. d5 exd5 29. Nd4 Be8 30. Qe3 Bg7 31. Ne6 Rc8 32. Rxd5 Bf8 33. Nxf8 Qxf8 34. e6 Qe7 35. Re1 Nb3 36. Bxf5 gxf5 37. Rxf5 h6 38. Qg3+ Kh7 39. Rfe5 b4 40. f5 Nc5 41. Qf3 Qf6 42. Rd5 bxc3 43. e7 c2 44. Qe3 Nd3 45. Rf1 Rc7 46. Rd8 Rxe7 47. Qg3 c1=Q 48. Rxc1 Nxc1 49. Rd6 Ne2+ 50. Kh2 Nxg3 0-1

[Event "FIDE WRBTC Blitz-Pool 2024"]
[Site "Astana"]
[Date "2024.08.05"]
[Round "2.27"]
[White "Lednikova, Elizaveta"]
[Black "Li, Chao b"]
[Result "0-1"]
[WhiteElo "1677"]
[BlackElo "2635"]
[Annotator "ChessBase"]
[PlyCount "94"]
[EventDate "2024.08.01"]
[EventType "team-tourn"]
[EventCountry "KAZ"]
[SourceTitle "playchess.com"]
[Source "ChessBase"]
[SourceQuality "1"]

1. e4 d6 2. g3 Nf6 3. Bg2 g6 4. Nc3 Bg7 5. Nge2 O-O 6. O-O c5 7. d3 Nc6 8. Be3 Ng4 9. Qd2 Nxe3 10. Qxe3 Nd4 11. Qd2 Rb8 12. Nxd4 Bxd4 13. Rab1 b5 14. Nd5 e6 15. Nf4 Bg7 16. c3 b4 17. c4 a5 18. a3 a4 19. Ne2 Qb6 20. Qd1 Bd7 21. h3 Rb7 22. e5 Rbb8 23. exd6 Qxd6 24. Kh2 Rfd8 25. Qd2 Be8 26. Rfd1 h5 27. f4 Kh7 28. Ng1 bxa3 29. bxa3 Rxb1 30. Rxb1 Qxd3 31. Qxd3 Rxd3 32. Nf3 Rb3 33. Rc1 Rxa3 34. Nd2 Ra2 35. Ne4 Bc6 36. Kh1 Rxg2 37. Kxg2 Bxe4+ 38. Kf2 a3 39. Ke3 f5 40. g4 a2 41. gxf5 gxf5 42. h4 Bb1 43. Rg1 Bd4+ 44. Kd2 Bxg1 45. Kc1 Be3+ 46. Kd1 Bd3 47. Ke1 a1=Q# 0-1

[Event "FIDE WRBTC Blitz-Pool 2024"]
[Site "Astana"]
[Date "2024.08.05"]
[Round "2.28"]
[White "Sadvakasov, Darmen"]
[Black "Amilal Munkhdalai"]
[Result "1/2-1/2"]
[WhiteElo "2629"]
[BlackElo "2374"]
[Annotator "ChessBase"]
[PlyCount "148"]
[EventDate "2024.08.01"]
[EventType "team-tourn"]
[EventCountry "KAZ"]
[SourceTitle "playchess.com"]
[Source "ChessBase"]
[SourceQuality "1"]

1. e4 c5 2. Nf3 Nc6 3. Bb5 e6 4. O-O Nge7 5. Nc3 a6 6. Bxc6 Nxc6 7. d4 cxd4 8. Nxd4 d6 9. Re1 Bd7 10. Nxc6 bxc6 11. b3 e5 12. Ba3 Be6 13. Qd3 Qa5 14. Na4 Be7 15. Rad1 Rd8 16. Qe3 O-O 17. Rd3 f5 18. Red1 fxe4 19. R3d2 Bg4 20. Rc1 Rf4 21. h3 Bh5 22. Qc3 Qc7 23. Bb4 Qb8 24. Ba5 Rc8 25. Qc4+ d5 26. Qxa6 Rcf8 27. Nb6 Bc5 28. Nd7 Qa8 29. Qxa8 Rxa8 30. Nxc5 Rxa5 31. Na4 d4 32. Re1 Bg6 33. c3 c5 34. c4 h5 35. Kh2 h4 36. Kg1 Bh7 37. Nb6 Kf7 38. Nd7 Ke6 39. Nb6 Kd6 40. Nd5 Rf7 41. Rde2 g5 42. Rd2 Bg6 43. Kh2 Bh7 44. g3 hxg3+ 45. Kxg3 Ra8 46. Rg1 Raf8 47. Kg2 e3 48. fxe3 Be4+ 49. Kh2 Rf2+ 50. Rxf2 Rxf2+ 51. Kg3 Rxa2 52. exd4 cxd4 53. Nf6 Bf5 54. Rf1 Bg6 55. b4 e4 56. c5+ Kc6 57. Ng4 Kb5 58. Ne5 Bh5 59. Re1 Ra3+ 60. Kg2 Ra2+ 61. Kg3 Ra3+ 62. Kg2 e3 63. c6 e2 64. Rc1 Rc3 65. Rxc3 e1=Q 66. Rc5+ Kb6 67. c7 Qe2+ 68. Kg3 Qe3+ 69. Kg2 Qe4+ 70. Kg3 Qf4+ 71. Kg2 Qe4+ 72. Kg3 Qe3+ 73. Kg2 Qe2+ 74. Kg3 Qe3+ 1/2-1/2

[Event "FIDE WRBTC Blitz-Pool 2024"]
[Site "Astana"]
[Date "2024.08.05"]
[Round "2.28"]
[White "Ju, Wenjun"]
[Black "Abdrakhmanov, Alikhan"]
[Result "1-0"]
[WhiteElo "2563"]
[BlackElo "1434"]
[Annotator "ChessBase"]
[PlyCount "65"]
[EventDate "2024.08.01"]
[EventType "team-tourn"]
[EventCountry "KAZ"]
[SourceTitle "playchess.com"]
[Source "ChessBase"]
[SourceQuality "1"]

1. Nf3 Nf6 2. g3 Nc6 3. d4 d5 4. Bg2 Bf5 5. c4 e6 6. O-O Be7 7. Nc3 O-O 8. Nh4 Bg6 9. Nxg6 fxg6 10. cxd5 exd5 11. Bg5 Kh8 12. e3 a6 13. Bxf6 Bxf6 14. Nxd5 Rb8 15. Rc1 Qd7 16. a3 Bg5 17. b4 Qd6 18. Qb3 Rf7 19. Nc3 Rbf8 20. Ne4 Qe7 21. b5 axb5 22. Qxb5 Bh6 23. Qxb7 Nxd4 24. exd4 Bxc1 25. Rxc1 Qxa3 26. Rf1 Qa2 27. Qc6 Rg8 28. Nc3 Qc2 29. Bd5 Rff8 30. Bxg8 Rxg8 31. d5 Rf8 32. Qxc7 h6 33. d6 1-0

[Event "FIDE WRBTC Blitz-Pool 2024"]
[Site "Astana"]
[Date "2024.08.05"]
[Round "2.29"]
[White "Mungunzul, Bat-Erdene"]
[Black "Assaubayeva, Bibisara"]
[Result "1/2-1/2"]
[WhiteElo "2224"]
[BlackElo "2470"]
[Annotator "ChessBase"]
[PlyCount "84"]
[EventDate "2024.08.01"]
[EventType "team-tourn"]
[EventCountry "KAZ"]
[SourceTitle "playchess.com"]
[Source "ChessBase"]
[SourceQuality "1"]

1. d4 Nf6 2. c4 g6 3. Nc3 Bg7 4. e4 d6 5. Nf3 O-O 6. Be2 e5 7. O-O h6 8. Re1 Nbd7 9. Rb1 Re8 10. dxe5 dxe5 11. b4 a5 12. a3 axb4 13. axb4 c6 14. Qb3 Qc7 15. h3 Nf8 16. Be3 Ne6 17. c5 Nh5 18. Red1 Nhf4 19. Bc4 Ng5 20. Nxg5 hxg5 21. Na4 Be6 22. Nb6 Rad8 23. Bxe6 Nxe6 24. Nc4 Nd4 25. Qb2 Qe7 26. Nd6 Rf8 27. b5 b6 28. bxc6 bxc5 29. Nb7 Rc8 30. Na5 Nxc6 31. Nxc6 Rxc6 32. Rd5 c4 33. Qc3 Rfc8 34. Rbb5 Qe6 35. Bxg5 R6c7 36. Be3 Qe7 37. g3 Rc6 38. Kg2 R6c7 39. Ra5 Rc6 40. Rab5 R6c7 41. Ra5 Rc6 42. Rab5 R6c7 1/2-1/2

[Event "FIDE WRBTC Blitz-Pool 2024"]
[Site "Astana"]
[Date "2024.08.05"]
[Round "2.29"]
[White "Garayev, Bakhtiyar"]
[Black "Xu, Xiangyu"]
[Result "0-1"]
[WhiteElo "1494"]
[BlackElo "2628"]
[Annotator "ChessBase"]
[PlyCount "62"]
[EventDate "2024.08.01"]
[EventType "team-tourn"]
[EventCountry "KAZ"]
[SourceTitle "playchess.com"]
[Source "ChessBase"]
[SourceQuality "1"]

1. d4 Nf6 2. c4 e6 3. Nf3 d5 4. g3 Bb4+ 5. Bd2 a5 6. Bg2 O-O 7. a3 Be7 8. Qc2 c6 9. O-O Nbd7 10. Bf4 Ne4 11. Nbd2 f5 12. Rad1 a4 13. Ne5 Ndf6 14. c5 Bd7 15. Nxe4 fxe4 16. Nxd7 Nxd7 17. e3 g5 18. Be5 Ra5 19. Rc1 Nxe5 20. dxe5 Qe8 21. Bh3 Qg6 22. Qd1 h5 23. f3 exf3 24. Rxf3 Rxf3 25. Qxf3 g4 26. Qf4 gxh3 27. Rf1 Rxc5 28. Qb4 Qc2 29. Rf2 Qd1+ 30. Rf1 Qe2 31. Rf2 Rc1+ 0-1

[Event "FIDE WRBTC Blitz-Pool 2024"]
[Site "Astana"]
[Date "2024.08.05"]
[Round "2.30"]
[White "Ayapov, Alimzhan"]
[Black "Erkhembayar, Amartaivan"]
[Result "0-1"]
[WhiteElo "2001"]
[BlackElo "1962"]
[Annotator "ChessBase"]
[PlyCount "122"]
[EventDate "2024.08.01"]
[EventType "team-tourn"]
[EventCountry "KAZ"]
[SourceTitle "playchess.com"]
[Source "ChessBase"]
[SourceQuality "1"]

1. d4 Nf6 2. Nc3 e6 3. Bf4 d5 4. Nb5 Bd6 5. Nxd6+ cxd6 6. c3 Nc6 7. Nf3 O-O 8. e3 a6 9. a4 Re8 10. h3 e5 11. Bh2 Bf5 12. Be2 Rc8 13. O-O Bg6 14. Qb3 Qc7 15. Rfd1 h6 16. Rac1 Be4 17. Qa3 Na5 18. Nd2 Bg6 19. Bf3 Nc4 20. Nxc4 dxc4 21. dxe5 dxe5 22. Qd6 Bd3 23. Qb4 b6 24. Rd2 Qc5 25. Bb7 Rcd8 26. Qxc5 bxc5 27. Bxa6 Ne4 28. Rdd1 Nd6 29. b4 Ra8 30. b5 f6 31. Ra1 Reb8 32. Rdc1 Ne4 33. Ra2 Nd6 34. f3 Kf7 35. Kf2 Ke6 36. Ke1 Nf5 37. Kf2 Nd6 38. e4 g5 39. Ke1 Ra7 40. Bg1 Rc7 41. Rb2 f5 42. exf5+ Nxf5 43. b6 Re7 44. a5 Nd6 45. Bxc5 Kd5 46. Ba3 e4 47. Bxd6 Kxd6 48. fxe4 Rxe4+ 49. Kf2 Rbe8 50. Kg1 Re2 51. Rxe2 Rxe2 52. Rd1 Kc6 53. Bc8 Ra2 54. b7 Kc7 55. Re1 Rxa5 56. Re7+ Kb8 57. Re8 Ra1+ 58. Kf2 Rb1 59. Ke3 Re1+ 60. Kd4 Re2 61. Re5 Rxe5 0-1

[Event "FIDE WRBTC Blitz-Pool 2024"]
[Site "Astana"]
[Date "2024.08.05"]
[Round "2.30"]
[White "Pang, Bo"]
[Black "Batyrova, Lyayan"]
[Result "1-0"]
[WhiteElo "1400"]
[BlackElo "1409"]
[Annotator "NA"]
[PlyCount "77"]
[EventDate "2024.08.01"]
[EventType "team-tourn"]
[EventCountry "KAZ"]
[SourceTitle "playchess.com"]
[Source "ChessBase"]
[SourceQuality "1"]

1. e4 e5 2. Nc3 Nc6 3. g3 Nf6 4. Bg2 Bc5 5. Nge2 O-O 6. O-O d6 7. Na4 Bd4 8. c3 Bb6 9. Nxb6 axb6 10. d4 exd4 11. cxd4 Bg4 12. f3 Bd7 13. b3 d5 14. e5 Ne8 15. f4 f6 16. Bxd5+ Kh8 17. Bg2 fxe5 18. dxe5 Qe7 19. Be3 Bg4 20. h3 Rd8 21. Qe1 Bf5 22. Rd1 Nd6 23. Nc3 Nf7 24. Nd5 Qd7 25. g4 Be6 26. f5 Bxd5 27. Rxd5 Qc8 28. e6 Rxd5 29. Bxd5 Nd6 30. Bg2 Qe8 31. Bf4 Qe7 32. Qg3 Nc8 33. Rd1 Nd6 34. Bxd6 cxd6 35. Qxd6 Qxd6 36. Rxd6 Ne5 37. e7 Re8 38. Rd8 Nf7 39. Rxe8# 1-0

[Event "FIDE WRBTC Blitz-Pool 2024"]
[Site "Astana"]
[Date "2024.08.05"]
[Round "2.31"]
[White "Teclaf, Pawel"]
[Black "Williams, Justus"]
[Result "1-0"]
[WhiteElo "2553"]
[BlackElo "2361"]
[Annotator "ChessBase"]
[PlyCount "73"]
[EventDate "2024.08.01"]
[EventType "team-tourn"]
[EventCountry "KAZ"]
[SourceTitle "playchess.com"]
[Source "ChessBase"]
[SourceQuality "1"]

1. Nf3 c5 2. g3 b6 3. Bg2 Bb7 4. b3 g6 5. Bb2 Nf6 6. Bxf6 exf6 7. c4 Bg7 8. Nc3 O-O 9. O-O Na6 10. Ne1 Bxg2 11. Nxg2 Nc7 12. Nf4 f5 13. Rc1 h5 14. h4 Ne6 15. Ncd5 a6 16. e3 Re8 17. Qf3 b5 18. Rc2 b4 19. Nd3 a5 20. N5f4 Qb6 21. Nd5 Qd6 22. N3f4 a4 23. Rb1 axb3 24. axb3 Ra3 25. Kg2 Nd8 26. d4 cxd4 27. exd4 Nc6 28. Ne2 Bxd4 29. Rd1 Qc5 30. Nxd4 Nxd4 31. Qf4 Nxc2 32. Nf6+ Kg7 33. Nxe8+ Kf8 34. Nf6 Qc6+ 35. Nd5 Qe6 36. Rd2 Na1 37. Re2 1-0

[Event "FIDE WRBTC Blitz-Pool 2024"]
[Site "Astana"]
[Date "2024.08.05"]
[Round "2.31"]
[White "Bulatov, Ramil"]
[Black "Sindarov, Javokhir"]
[Result "0-1"]
[WhiteElo "2137"]
[BlackElo "2674"]
[Annotator "ChessBase"]
[PlyCount "74"]
[EventDate "2024.08.01"]
[EventType "team-tourn"]
[EventCountry "KAZ"]
[SourceTitle "playchess.com"]
[Source "ChessBase"]
[SourceQuality "1"]

1. d4 Nf6 2. Nf3 g6 3. Bg5 Bg7 4. Nbd2 O-O 5. c3 d6 6. e4 c5 7. dxc5 dxc5 8. Bc4 Nc6 9. Qe2 Qc7 10. O-O Na5 11. Bb5 h6 12. Bh4 Nh5 13. Qe3 b6 14. Rfe1 g5 15. Bxg5 hxg5 16. Qxg5 Nf4 17. e5 Ne6 18. Qh4 Rd8 19. Ba4 Ba6 20. c4 Nc6 21. Bc2 Ncd4 22. Be4 Bb7 23. Qh7+ Kf8 24. h4 Bxe4 25. Rxe4 Qc6 26. h5 Nxf3+ 27. Nxf3 Nd4 28. e6 Nxf3+ 29. gxf3 fxe6 30. h6 Bf6 31. Rg4 Ke8 32. Rg8+ Kd7 33. Rd1+ Bd4 34. Rxd8+ Rxd8 35. Qg7 Qxf3 36. Rxd4+ cxd4 37. h7 Qf6 0-1

[Event "FIDE WRBTC Blitz-Pool 2024"]
[Site "Astana"]
[Date "2024.08.05"]
[Round "2.32"]
[White "Vokhidov, Shamsiddin"]
[Black "Ishmukhamedov, Akhmet"]
[Result "1-0"]
[WhiteElo "2643"]
[BlackElo "1978"]
[Annotator "ChessBase"]
[PlyCount "77"]
[EventDate "2024.08.01"]
[EventType "team-tourn"]
[EventCountry "KAZ"]
[SourceTitle "playchess.com"]
[Source "ChessBase"]
[SourceQuality "1"]

1. e4 c5 2. Nf3 d6 3. d4 cxd4 4. Nxd4 Nf6 5. Nc3 Nc6 6. Bg5 e6 7. Qd3 Be7 8. O-O-O a6 9. Nxc6 bxc6 10. Qg3 e5 11. Bc4 h6 12. Bd2 Bg4 13. f3 Bh5 14. Qxg7 Rg8 15. Qxh6 Rxg2 16. Rhg1 Rg6 17. Rxg6 Bxg6 18. h4 d5 19. exd5 cxd5 20. Qh8+ Bf8 21. Bg5 Qb6 22. Bxf6 Rb8 23. Bb3 Qe3+ 24. Kb1 Qxf3 25. Ba4+ Rb5 26. Bg7 Bxc2+ 27. Kxc2 Qf2+ 28. Rd2 Qf5+ 29. Kc1 Qf1+ 30. Rd1 Qf4+ 31. Kb1 Qf5+ 32. Ka1 Kd7 33. Qxf8 d4 34. Nxb5 axb5 35. Bxb5+ Kc7 36. Rc1+ Kb6 37. Qc5+ Kb7 38. Qc7+ Ka8 39. Bc6# 1-0

[Event "FIDE WRBTC Blitz-Pool 2024"]
[Site "Astana"]
[Date "2024.08.05"]
[Round "2.32"]
[White "Ishmukhametov, Adil"]
[Black "Gareyev, Timur"]
[Result "0-1"]
[WhiteElo "2077"]
[BlackElo "2541"]
[Annotator "ChessBase"]
[PlyCount "106"]
[EventDate "2024.08.01"]
[EventType "team-tourn"]
[EventCountry "KAZ"]
[SourceTitle "playchess.com"]
[Source "ChessBase"]
[SourceQuality "1"]

1. e4 c6 2. d4 d5 3. exd5 cxd5 4. Bd3 Nc6 5. c3 g6 6. Nf3 Bf5 7. Bxf5 gxf5 8. Qb3 Qd7 9. Bf4 e6 10. Nbd2 Bh6 11. Bxh6 Nxh6 12. g3 Ng4 13. h3 Nf6 14. Qd1 Ne4 15. Qe2 b5 16. a3 a5 17. Nxe4 fxe4 18. Nd2 f5 19. Qh5+ Qf7 20. Qxf7+ Kxf7 21. Ke2 h5 22. h4 Rhg8 23. Rhg1 a4 24. f3 Na5 25. fxe4 dxe4 26. Raf1 Ke7 27. d5 Nc4 28. dxe6 Kxe6 29. Nxc4 bxc4 30. Ke3 Ke5 31. Rd1 Rg7 32. Rd4 Rag8 33. Kf2 Rb7 34. Rb1 Rc8 35. Ke3 Rg7 36. Kf2 Rcg8 37. Rg1 Rg4 38. Rd7 f4 39. Re7+ Kf5 40. Rf7+ Ke6 41. Rh7 Rxg3 42. Rxg3 Rxg3 43. Rxh5 e3+ 44. Ke2 Rg2+ 45. Kf3 Rf2+ 46. Ke4 e2 47. Re5+ Kd6 48. Kd4 f3 49. h5 Rf1 50. h6 Rd1+ 51. Kxc4 Kxe5 52. h7 Rd8 53. h8=Q+ Rxh8 0-1